Magnum theatrum vitae humanae hoc est rerum divinarum humanarumque syntagma catholicum, philosophicum, historicum et dogmaticum.

Detalles Bibliográficos
Autor principal: BEYERLINCK, Lorenzo
Formato: Libro
Publicado: Venecia 1707
Materias:
Colección:Banco de datos
Acervo:Biblioteca del Museo de sitio casa de Morelos. Morelia. Michoacán
Descripción Física:t. I
Tema general:Filosofía
Notas:Regular. H3,6. Convento de San Buenaventura de Valladolid ?
LEADER 00767nam a22002050004500
035 |a 58298 
036 |a 1359 
100 1 |a BEYERLINCK, Lorenzo 
245 1 0 |a Magnum theatrum vitae humanae hoc est rerum divinarum humanarumque syntagma catholicum, philosophicum, historicum et dogmaticum. 
260 |a Venecia  |b Nicolás Pezzana  |c 1707 
300 |a t. I 
500 |a Regular. H3,6. Convento de San Buenaventura de Valladolid ? 
650 1 0 |a Filosofía 
949 |a C.MOR 
959 |a Museo de Sitio Casa de Morelos. Morelia, Michoacán  |b CCC8 
960 |a Museo de Sitio Casa de Morelos, Michoacán  |b DD91 
961 |a Varias Ordenes Religiosas  |b VO 
942 |c MORELIA 
943 |g Biblioteca del Museo de sitio casa de Morelos. Morelia. Michoacán 
999 |c 975797  |d 975797